| 000 | 00598cam a2200217 4500 | ||
|---|---|---|---|
| 008 | 090401t1989 xxu||||| |||| 00| 0 eng d | ||
| 020 | _a0854594248 | ||
| 035 | _a(Sirsi) u54379 | ||
| 041 | _aeng | ||
| 050 | _a336.271 | ||
| 100 | _aBuckett, A.D. | ||
| 245 | _aTolley`s VAT on construction, land and property | ||
| 260 |
_aCroydon _bTolley Publishing Company Limited _c1989 |
||
| 300 | _avi,156p. ; 23cm. | ||
| 350 | _a16.95 | ||
| 520 | _aThe author is a partner in BDO Binder Hamlyn . | ||
| 650 | _aBUILDING INDUSTRY | ||
| 650 | _aVALUE ADDED TAX | ||
| 942 | _n0 | ||
| 948 | _c04/03/1997 | ||
| 999 |
_c93461 _d93461 |
||